000 00922nam a2200217Ii 4500
003 JO-AjNU
005 20231212100744.0
008 230605s9999||||xx |||||||||||||| ||und||
022 _a9789957418069
040 _aJO-AjNU
_bara
_erda
_cJO-AjNU
041 _aara
100 _aجمعية المجمع العربي للمحاسبين القانونيين ( الأردن )
_928457
245 _aالمعايير الدولية لإعداد التقارير المالية، الجزء أ /
_cجمعية المجمع العربي للمحاسبين القانونيين (الأردن)
260 _aعمان :
_bجمعية المجمع العربي للمحاسبين القانونيين (الأردن)،
_c2011
300 _a1328 صفحه
336 _atext
_btxt
_2rdacontent
337 _aunmediated
_bn
_2rdamedia
338 _avolume
_bnc
_2rdacarrier
650 _vالتقارير المالية
942 _2lcc
_cBK
999 _c33097
_d33097